The impact of female schooling on fertility and contraceptive use: a study of fourteen Sub-Saharan countries (Record no. 76417)

MARC details
000 -LEADER
fixed length control field 01156nam a2200265 a 4500
008 - FIXED-LENGTH DATA ELEMENTS--GENERAL INFORMATION
fixed length control field 120416s1995 ||||||||||||||||| || u
020 ## - INTERNATIONAL STANDARD BOOK NUMBER
International Standard Book Number 0821330195
050 ## - LIBRARY OF CONGRESS CALL NUMBER
Classification number HQ 766.5.A35 Ain
100 ## - MAIN ENTRY--PERSONAL NAME
Personal name Ainsworth, Martha
245 14 - TITLE STATEMENT
Title The impact of female schooling on fertility and contraceptive use: a study of fourteen Sub-Saharan countries
260 ## - PUBLICATION, DISTRIBUTION, ETC.
Place of publication, distribution, etc. Washington, D.C.:
Name of publisher, distributor, etc. World Bank
Date of publication, distribution, etc. 1995
300 ## - PHYSICAL DESCRIPTION
Extent xi, 69 pages : illustrations
350 ## -
-- 0.00
490 ## -
-- LSMS Working Papers
650 ## - SUBJECT ADDED ENTRY--TOPICAL TERM
Topical term or geographic name entry element CONTRACEPTION--SOCIAL ASPECTS
650 ## - SUBJECT ADDED ENTRY--TOPICAL TERM
Topical term or geographic name entry element FERTILITY, HUMAN--SOCIAL ASPECTS
650 ## - SUBJECT ADDED ENTRY--TOPICAL TERM
Topical term or geographic name entry element WOMEN--EDUCATION--AFRICA, SUB-SAHARAN
650 ## - SUBJECT ADDED ENTRY--TOPICAL TERM
Topical term or geographic name entry element BIRTH CONTROL CLINICS--AFRICA, SUB-SAHARAN--UTILIZATION
650 ## - SUBJECT ADDED ENTRY--TOPICAL TERM
Topical term or geographic name entry element CONTRACEPTION
700 ## - ADDED ENTRY--PERSONAL NAME
Personal name Beegle, Kathleen
700 ## - ADDED ENTRY--PERSONAL NAME
Personal name Nyamete, Andrew
710 ## - ADDED ENTRY--CORPORATE NAME
Corporate name or jurisdiction name as entry element World Bank
995 ## -
-- MAIN LIBRARY OPEN ACCESS
-- 0.00
-- 727716
-- CBU-MAIN LIBRARY (Kitwe)
-- 1
-- 14.00
-- HQ 766.5.A35 Ain
-- 1
-- WEEDED
-- Aug 31, 2017
-- 025742
-- Main Library Open Access Collection
995 ## -
-- SPECIAL COLLECTIONS
-- 0.00
-- 019850
-- CBU-MAIN LIBRARY (Kitwe)
-- 1
-- 0.00
-- IBRD(08)LSMS/110
-- 2
-- AVAILABLE
-- 019850
-- International Publications
999 ## -
-- 76417
-- 76417
Holdings
Withdrawn status Lost status Source of classification or shelving scheme Damaged status Not for loan Permanent Location Current Location Shelving location Date acquired Total Checkouts Full call number Barcode Date last seen Copy number Price effective from Koha item type
          CBU-MAIN LIBRARY, KITWE. CBU-MAIN LIBRARY, KITWE.   04/25/2023   HQ 766.5.A35 Ain 025742 04/25/2023 1 04/25/2023 MONOGRAPH
          CBU-MAIN LIBRARY, KITWE. CBU-MAIN LIBRARY, KITWE.   04/25/2023   IBRD(08)LSMS/110 019850 04/25/2023 2 04/25/2023 SPECIAL COLLECTION